01419pab a2200157 454500008004000000100002800040245007700068260000900145300001500154362001200169520098500181650001201166650001901178650001301197773005101210180718b1999 xxu||||| |||| 00| 0 eng d aHerrmann, Denise K. von aThe decision to legalize gambling: a model of why states do what they do c1999 ap.1659-680 aNov-Dec aThis article compares the three major forms of legalized gambling currently being utilized by states as revenue measures. Unlike most of the previous gambling research, it focuses upon the choice of forms, rather than only the decision to adopt gambling measures. It compares forms of gambling using a variation on a previously published schema of evaluative criteria for revenue types and presents a series of models of why states choose to legalize certain types of gambling. The results suggest that lotteries and parimutuels are similar choices for revenue raising, since both are likely to be adopted in states which are liberal, which exhibit somewhat weak interest groups, and which have relatively low Protestant fundamentalist church membership. Casinos, however, appear to conform to a different decision model and are less likely to be operated in states with large numbers of older citizens and in states which do not already have other forms of gambling. - Reproduced aRevenue aPublic finance aGambling aInternational Journal of Public Administration